000 04617nam0a2200457 4500
001 RU\NLR\BIBL_A\012830682
005 20221101132235.0
021 _aRU
_bКН-П-22-020251
_9КН-П-22-1733
035 _a(NLR Aleph) 012830682
035 _a(RuMoRGB)011025365
090 _a12357185
_c12357185
100 _a20220627d2020 k y0rusy50 ca
101 0 _arus
_deng
102 _aRU
105 _aach z 100zy
181 0 _ai
_baxxe
182 0 _an
200 1 _aЛитературно-критическая периодика в странах Центральной и Юго-Восточной Европы: структура, типология, социокультурный контекст
_e[сборник статей
_eосновано на материалах круглого стола "Литературно-критическая периодика в странах Центральной и Юго-Восточной Европы XX-XXI вв.: структура, типология, социокультурный контекст"]
_fИнститут славяноведения Российской академии наук
_gответственный редактор к.ф.н. Л. Ф. Широкова
203 _aТекст
_bвизуальный
_cнепосредственный
210 _aМосква
_cИнститут славяноведения РАН
_d2020
215 _a253, [1] с.
_cил., портр., факс.
_d21
225 1 _aСовременные литературы стран Центральной и Юго-Восточной Европы
_x2618-8554
300 _aРез. ст. англ.
320 _aБиблиогр. в примеч. в конце ст.
330 _aКоллективный труд посвящен проблемам литературно-критической периодики как важной части литературного процесса, выступающей в разные периоды на протяжении XX - XXI вв. в качестве рупора прогрессивных или консервативных сил, платформы для теоретического обоснования и художественного воплощения новых литературных направлений и течений. Главы, вошедшие в книгу, охватывают мате- риал большинства славянских, а также румынской и венгерской литератур. В них представлен обзор и анализ широкого спектра литературно-критической периодики стран региона, а в ряде случаев - детальное рассмотрение отдельных, наиболее значимых изданий. Книга адресована литературоведам, культурологам, студентам и аспирантам филологических специальностей, а также широкому кругу читателей, интересующихся культурой стран Центральной и Юго-Восточной Европы
606 1 _aЛитературная критика
_jСъезды, совещания и т.п
_yЕвропейские страны
_92193387
_3RU\NLR\AUTH\6601553943
606 1 _aЛитературные журналы
_jСъезды, совещания и т.п
_yЕвропейские страны
_92526633
_3RU\NLR\AUTH\6601710965
606 1 _aЛитература народов Европы
_jСъезды, совещания и т.п
_91489872
_3RU\NLR\AUTH\66640036
675 _a821.09
_v4
686 1 _aЧ612.4(4)723
_bШя431
686 1 _aШ5(0)я431
686 2 _aШ4г(4)я431
702 1 _aШирокова
_bЛ. Ф.
_gЛюдмила Федоровна
_4340
711 1 2 _a"Литературно-критическая периодика в странах Центральной и Юго-Восточной Европы XX-XXI вв.: структура, типология, социокультурный контекст", круглый стол
_eМосква
_f2018
_9803390
_3RU\NLR\AUTH\880568419
712 0 2 _4475
_aИнститут славяноведения
_cМосква
_9495381
_3RU\NLR\AUTH\889998985
942 _cBOOK
980 _aNB